Terrissa de La Bisbal: L'argila com a matèria, el procés d'elaboració com a pràctica (Registre núm. 54836)
[ vista simple ]
| 000 -LEADER | |
|---|---|
| campo de control de longitud fija | 00827aam a2200301a 44500 |
| 008 - DATOS DE LONGITUD FIJA--INFORMACIÓN GENERAL | |
| campo de control de longitud fija | 930106s1978 cat |
| 017 ## - NÚMERO DE COPYRIGHT O DE DEPÓSITO LEGAL | |
| Número de copyright o de depósito legal | GI-220-1978 |
| 020 ## - NÚMERO INTERNACIONAL ESTÁNDAR DEL LIBRO | |
| Número Internacional Estándar del Libro | 8440048599 |
| 041 ## - CÓDIGO DE IDIOMA | |
| Código de lengua del texto/banda sonora o título independiente | cat |
| 080 ## - NÚMERO DE LA CLASIFICACIÓN DECIMAL UNIVERSAL | |
| Número de la Clasificación Decimal Universal | 738(038) |
| 100 ## - ENTRADA PRINCIPAL--NOMBRE DE PERSONA | |
| Nombre de persona | Martínez Noguera, Pere |
| 9 (RLIN) | 65886 |
| 245 ## - MENCIÓN DEL TÍTULO | |
| Título | Terrissa de La Bisbal: L'argila com a matèria, el procés d'elaboració com a pràctica |
| Mención de responsabilidad, etc. | Pere Martínez Noguera |
| 260 ## - PUBLICACIÓN, DISTRIBUCIÓN, ETC. | |
| Lugar de publicación, distribución, etc. | La Bisbal |
| Nombre del editor, distribuidor, etc. | [L'autor] |
| Fecha de publicación, distribución, etc. | 1978 |
| 300 ## - DESCRIPCIÓN FÍSICA | |
| Extensión | 109 p. |
| Otras características físicas | il. |
| Dimensiones | 21 cm |
| 500 ## - NOTA GENERAL | |
| Nota general | Vocabularis: p.75 |
| 520 ## - RESUMEN, ETC. | |
| Nombre de termes | aprox. 350 |
| 546 ## - NOTA DE IDIOMA | |
| Llengua de les definicions | català |
| 591 ## - Codi de font | |
| Codi de font | 2490 |
| 592 ## - Tipus obra | |
| Tipus d'obra | Obra terminològica |
| 593 ## - Codi CGAT | |
| Codi de la CGAT | JB |
| 594 ## - Número de document | |
| Número de document | 2490 |
| 650 ## - PUNTO DE ACCESO ADICIONAL DE MATERIA--TÉRMINO DE MATERIA | |
| Término de materia o nombre geográfico como elemento de entrada | ceràmica |
| 9 (RLIN) | 62678 |
| 901 ## - ELEMENTOS DE DATOS A LOCAL LDA (RLIN) | |
| c | DL <1978> |
| 902 ## - ELEMENTOS DE DATOS B LOCAL, LDB (RLIN) | |
| a | 930106 |
| 942 ## - ELEMENTOS DE ENTRADA SECUNDARIOS (KOHA) | |
| Tipo de ítem Koha | Monografia |
| Suprimir en OPAC | No |
| Fuente del sistema de clasificación o colocación | Clasificación Decimal Dewey |
| Estatus retirado | Estado de pérdida | Estado de daño | No para préstamo | Biblioteca de origen | Biblioteca actual | Fecha de adquisición | Total de préstamos | Signatura topográfica completa | Código de barras | Visto por última vez | Precio de reemplazo | Tipo de ítem Koha |
|---|---|---|---|---|---|---|---|---|---|---|---|---|
| TERMCAT | TERMCAT | 06/01/1993 | JB 6 | 03889 | 30/09/2021 | 30/09/2021 | MO |